000
00255nam a2200121Ia 4500
100
_a
Baphana/R.M.
650
_a
PRODUCTION
942
_c
BK
245
_a
Applied Mathematics-II
260
_b
Tech Max
_a
Pune
_c
2005
082
_a
519/BAP
546
_a
ENGLISH
999
_c
32932
_d
32932